banner-ar

الملك فاروق ( اقرا 20 ) / (Record no. 27377)

MARC details
000 -الفاتح
حقل البيانات ثابتة الطول 00559nam a2200193Ia 4500
008 - عناصر البيانات ثابتة الطول - معلومات عامة
حقل البيانات ثابتة الطول 140319s9999 xx 000 0 ara d
040 ## - مصدر الفهرسة
وكالة الفهرسة الأصلية GCL /
وكالة النسخ GCL
082 04 - رقم تصنيف ديوى العشرى
رقم التصنيف د
رقم المادة 050
100 1# - المدخل الرئيسى - إسم شخصى
الإسم الشخصى كريم ثابت
245 10 - بيان العنوان
العنوان الملك فاروق ( اقرا 20 ) /
بيان المسئوليه,etc كريم ثابت
300 ## - الوصف المادى
التعداد 133 ص
490 ## - بيان السلسلة
عنوان السلسلة وثائق ونصوص
رقم المجلد/ التعيين التسلسلي 0
650 04 - المدخل الاضافى بالموضوع-مصطلح موضوعى
مصطلح موضوعي الملوك والحكام
650 04 - المدخل الاضافى بالموضوع-مصطلح موضوعى
مصطلح موضوعي الملك فاروق
650 04 - المدخل الاضافى بالموضوع-مصطلح موضوعى
مصطلح موضوعي الملوك المصريون
650 04 - المدخل الاضافى بالموضوع-مصطلح موضوعى
مصطلح موضوعي مصر - الملوك والمصريون
942 ## - عناصر المدخل الإضافي( كوها)
مصدر التصنيف او مخطط الترفيف Dewey Decimal Classification
Koha [default] item type ملف كمبيوتر
Holdings
حالة التراجع حالة الفقد حالة تلف ليس للاعارة المكان المؤقت الموقع الحالى تاريخ الاكتساب اجمالي اﻻعارات رقم الطلب الباركود تاريخ اخر مشاهدة تاريخ تفعيل السعر نوع وعاء كوها
        مكتبة القاهرة الكبرى مكتبة القاهرة الكبرى 03/26/2014   د\050 61849 03/26/2014 03/26/2014 ملف كمبيوتر
        مكتبة القاهرة الكبرى مكتبة القاهرة الكبرى 03/26/2014   د\050 61850 03/26/2014 03/26/2014 ملف كمبيوتر
        مكتبة القاهرة الكبرى مكتبة القاهرة الكبرى 03/26/2014   د\050 61851 03/26/2014 03/26/2014 ملف كمبيوتر
        مكتبة القاهرة الكبرى مكتبة القاهرة الكبرى 03/26/2014   د\050 61852 03/26/2014 03/26/2014 ملف كمبيوتر
        مكتبة القاهرة الكبرى مكتبة القاهرة الكبرى 03/26/2014   د\050 61853 03/26/2014 03/26/2014 ملف كمبيوتر
        مكتبة القاهرة الكبرى مكتبة القاهرة الكبرى 03/26/2014   د\050 61854 03/26/2014 03/26/2014 ملف كمبيوتر
        مكتبة القاهرة الكبرى مكتبة القاهرة الكبرى 03/26/2014   د\050 61855 03/26/2014 03/26/2014 ملف كمبيوتر
        مكتبة القاهرة الكبرى مكتبة القاهرة الكبرى 03/26/2014   د\050 61856 03/26/2014 03/26/2014 ملف كمبيوتر

Powered By

EGPV